00337nam a2200133Ia 4500008004100000020001500041041001200056082001100068100001700079245005200096250000900148260003100157650001500188221030s9999 xx 000 0 und d a8126140497 aEnglish a105.23 aV. K. Bhalla 0aInternational Business Environment & Management a12th bAnmol PubaNew Delhic2009 aManagement